|
|
|
|
| LEADER |
01872nam a22003977a 4500 |
| 001 |
27982 |
| 003 |
BD-DhAAL |
| 005 |
20220104115332.0 |
| 008 |
140331r20142009stka b 001 0 eng d |
| 999 |
|
|
|c 14264
|d 14264
|
| 010 |
|
|
|a 2012392936
|
| 020 |
|
|
|a 9780080451350 (pbk.)
|
| 020 |
|
|
|a 0080451357 (pbk.)
|
| 040 |
|
|
|a NLM
|c NLM
|d BTCTA
|d BWX
|d YDXCP
|d UKM
|d BWKUK
|d GBVCP
|d MMU
|d DLC
|d BD-DhAAL
|
| 041 |
|
|
|a eng
|
| 050 |
0 |
0 |
|a TP248.2
|b .M44 2009
|
| 060 |
0 |
0 |
|a 2009 F-166
|
| 060 |
1 |
0 |
|a W 82
|b M48813 2009
|
| 082 |
0 |
4 |
|a 660.6
|2 22
|
| 245 |
0 |
0 |
|a Medical biotechnology /
|c edited by Judit Pongracz and Mary Keen.
|
| 260 |
|
|
|a Edinburgh ;
|a New York :
|b Churchill Livingstone/Elsevier,
|c 2009 [reprinted 2014].
|
| 300 |
|
|
|a xii, 193 pages :
|b illustrations (some col.) ;
|c 27 cm.
|
| 504 |
|
|
|a Includes bibliographical references and index.
|
| 505 |
0 |
|
|a Molecular basis of disease -- Gene hunting -- Using genetic information -- Epigenetics -- Protein structure and function -- Proteomics and metabolomics -- Vaccines -- Transgenics -- Pharmacogenetics -- Gene therapy -- Biopharmaceuticals -- Stem cells and tissue engineering.
|
| 541 |
|
|
|e 27982
|
| 650 |
|
0 |
|a Biotechnology.
|9 4212
|
| 650 |
1 |
2 |
|a Biomedical Technology.
|9 4213
|
| 650 |
1 |
2 |
|a Biotechnology.
|9 4214
|
| 650 |
1 |
2 |
|a Biopharmaceutics.
|9 44181
|
| 650 |
1 |
2 |
|a Pharmacy.
|9 44182
|
| 700 |
1 |
|
|a Pongracz, Judit.
|9 4215
|
| 700 |
1 |
|
|a Keen, Mary,
|d 1961-
|9 4216
|
| 852 |
|
|
|a Ayesha Abed Library
|c General Stacks
|
| 942 |
|
|
|2 ddc
|c BK
|0 2
|
| 952 |
|
|
|0 0
|1 0
|2 ddc
|4 0
|6 660_600000000000000_MED
|7 0
|9 24093
|a BRACUL
|b BRACUL
|c GEN
|d 2014-03-31
|e Trim Education
|g 4525.00
|l 9
|m 67
|o 660.6 MED
|p 3010027982
|r 2025-09-23
|s 2025-09-14
|t 1
|w 2014-03-31
|y BK
|
| 952 |
|
|
|0 0
|1 0
|2 ddc
|4 0
|6 660_600000000000000_MED
|7 0
|9 24448
|a BRACUL
|b BRACUL
|c GEN
|d 2014-06-16
|e Karim International
|g 4525.00
|l 6
|m 56
|o 660.6 MED
|p 3010028037
|r 2025-03-09
|s 2025-03-02
|t 2
|w 2014-06-16
|y BK
|